000 01056nam a2200241Ia 4500
005 20211112074840.0
008 130821s2007 xxua gr mul
020 _a9781580410748
040 _aCo-BoUCM
_bspa
_cLuz Cupitra (modificó)
_d[Nuevo]
041 _aeng
_aspa
060 _aWS 105.5
110 2 _aAmerican Speech-Languaje-Hearing Association
_975239
245 1 0 _aPartners in speech, language, and hearing
_ba guide for parents and caregivers of babies,and young children=compañeros en el habla, el lenguaje, y la audición guía para los padres y encargados de niños y de bebes
_cAmerican Speech-Languaje-Hearing Association
260 _aRockville (Maryland, Estados Unidos)
_bAmerican Speech-Languaje-Hearing Association
_c2007
300 _avii, 54 páginas
_bilustraciones
650 0 4 _aAudición
_99735
650 0 4 _aCognición
_911099
650 0 4 _aDesarrollo del lenguaje
_912952
650 0 4 _aHabla
_916676
650 0 4 _aLenguaje
_918359
650 0 4 _aPediatría
_921221
942 _cLIBRO
_a15
_e1
_mP273
_2NLM
_hWS 105.5.C8
_n0
999 _c72631
_d72631